<?xml version="1.0" encoding="UTF-8"?>
<record
    xmlns:xsi="http://www.w3.org/2001/XMLSchema-instance"
    xsi:schemaLocation="http://www.loc.gov/MARC21/slim http://www.loc.gov/standards/marcxml/schema/MARC21slim.xsd"
    xmlns="http://www.loc.gov/MARC21/slim">

  <leader>00545nam a2200193Ia 4500</leader>
  <controlfield tag="003">OSt</controlfield>
  <controlfield tag="005">20200917120358.0</controlfield>
  <controlfield tag="008">190216s9999||||xx |||||||||||||| ||und||</controlfield>
  <datafield tag="020" ind1=" " ind2=" ">
    <subfield code="a">9788122403244</subfield>
  </datafield>
  <datafield tag="040" ind1=" " ind2=" ">
    <subfield code="c">oclc</subfield>
  </datafield>
  <datafield tag="082" ind1=" " ind2=" ">
    <subfield code="a">621.366</subfield>
    <subfield code="b">LAU/L</subfield>
  </datafield>
  <datafield tag="100" ind1=" " ind2=" ">
    <subfield code="a">Laud, B B</subfield>
    <subfield code="9">4385</subfield>
  </datafield>
  <datafield tag="245" ind1=" " ind2="0">
    <subfield code="a">Lasers And Non Linear Optics /</subfield>
    <subfield code="c">B B Laud</subfield>
  </datafield>
  <datafield tag="250" ind1=" " ind2=" ">
    <subfield code="a">2nd Ed.</subfield>
  </datafield>
  <datafield tag="260" ind1=" " ind2=" ">
    <subfield code="b">New Age International Publishers,</subfield>
    <subfield code="a">New Delhi:</subfield>
    <subfield code="c">2005.</subfield>
  </datafield>
  <datafield tag="300" ind1=" " ind2=" ">
    <subfield code="a">262p</subfield>
  </datafield>
  <datafield tag="650" ind1=" " ind2=" ">
    <subfield code="a">Physics</subfield>
  </datafield>
  <datafield tag="942" ind1=" " ind2=" ">
    <subfield code="c">BK</subfield>
    <subfield code="2">ddc</subfield>
    <subfield code="h">621.366</subfield>
    <subfield code="i">LAU/L</subfield>
    <subfield code="k">621.366</subfield>
    <subfield code="m">LAU/L</subfield>
  </datafield>
  <datafield tag="952" ind1=" " ind2=" ">
    <subfield code="0">0</subfield>
    <subfield code="1">0</subfield>
    <subfield code="2">ddc</subfield>
    <subfield code="4">0</subfield>
    <subfield code="7">0</subfield>
    <subfield code="8">APHY</subfield>
    <subfield code="a">MES</subfield>
    <subfield code="b">MES</subfield>
    <subfield code="c">PHY</subfield>
    <subfield code="d">2019-02-20</subfield>
    <subfield code="g">165.00</subfield>
    <subfield code="l">15</subfield>
    <subfield code="m">26</subfield>
    <subfield code="o">621.366 LAU/L</subfield>
    <subfield code="p">30059</subfield>
    <subfield code="r">2024-07-03 13:13:42</subfield>
    <subfield code="s">2024-05-22</subfield>
    <subfield code="t">1</subfield>
    <subfield code="w">2019-02-20</subfield>
    <subfield code="y">BK</subfield>
    <subfield code="z">GL14R6</subfield>
  </datafield>
  <datafield tag="952" ind1=" " ind2=" ">
    <subfield code="0">0</subfield>
    <subfield code="1">0</subfield>
    <subfield code="2">ddc</subfield>
    <subfield code="4">0</subfield>
    <subfield code="7">0</subfield>
    <subfield code="8">APHY</subfield>
    <subfield code="a">MES</subfield>
    <subfield code="b">MES</subfield>
    <subfield code="c">PHY</subfield>
    <subfield code="d">2019-02-20</subfield>
    <subfield code="g">165.00</subfield>
    <subfield code="l">19</subfield>
    <subfield code="m">26</subfield>
    <subfield code="o">621.366 LAU/L</subfield>
    <subfield code="p">35238</subfield>
    <subfield code="r">2025-03-28 13:52:12</subfield>
    <subfield code="s">2025-03-24</subfield>
    <subfield code="t">2</subfield>
    <subfield code="w">2019-02-20</subfield>
    <subfield code="y">BK</subfield>
    <subfield code="z">GL14R6</subfield>
  </datafield>
  <datafield tag="952" ind1=" " ind2=" ">
    <subfield code="0">0</subfield>
    <subfield code="1">0</subfield>
    <subfield code="2">ddc</subfield>
    <subfield code="4">0</subfield>
    <subfield code="7">0</subfield>
    <subfield code="8">APHY</subfield>
    <subfield code="a">MES</subfield>
    <subfield code="b">MES</subfield>
    <subfield code="c">PHY</subfield>
    <subfield code="d">2019-02-20</subfield>
    <subfield code="g">165.00</subfield>
    <subfield code="l">13</subfield>
    <subfield code="m">23</subfield>
    <subfield code="o">621.366 LAU/L</subfield>
    <subfield code="p">35710</subfield>
    <subfield code="r">2024-07-08 15:46:05</subfield>
    <subfield code="s">2024-05-30</subfield>
    <subfield code="t">3</subfield>
    <subfield code="w">2019-02-20</subfield>
    <subfield code="y">BK</subfield>
    <subfield code="z">GL14R6</subfield>
  </datafield>
  <datafield tag="952" ind1=" " ind2=" ">
    <subfield code="0">0</subfield>
    <subfield code="1">0</subfield>
    <subfield code="2">ddc</subfield>
    <subfield code="4">0</subfield>
    <subfield code="7">0</subfield>
    <subfield code="8">APHY</subfield>
    <subfield code="a">MES</subfield>
    <subfield code="b">MES</subfield>
    <subfield code="c">PHY</subfield>
    <subfield code="d">2019-02-20</subfield>
    <subfield code="g">165.00</subfield>
    <subfield code="l">16</subfield>
    <subfield code="m">33</subfield>
    <subfield code="o">621.366 LAU/L</subfield>
    <subfield code="p">35711</subfield>
    <subfield code="q">2026-06-09</subfield>
    <subfield code="r">2026-04-28 11:58:12</subfield>
    <subfield code="s">2026-04-28</subfield>
    <subfield code="t">4</subfield>
    <subfield code="w">2019-02-20</subfield>
    <subfield code="y">BK</subfield>
    <subfield code="z">GL14R6</subfield>
  </datafield>
  <datafield tag="999" ind1=" " ind2=" ">
    <subfield code="c">33946</subfield>
    <subfield code="d">33946</subfield>
  </datafield>
</record>
